000 01492cam a2200361 a 4500
999 _c234345
_d234345
001 14626995
003 Nust
005 20170319162518.0
008 061107s2007 nyu 000 1 eng
010 _a 2006037333
020 _a9780749938925
035 _a(OCoLC)ocm76074329
035 _a(OCoLC)76074329
040 _aDLC
_cDLC
_dBAKER
_dBTCTA
_dYDXCP
_dJTE
_dC#P
_dVP@
_dDLC
043 _ae-uk-en
050 0 0 _aPS3561.R44
_bR58 2007
082 0 0 _a813.54
_bQUI
100 1 _aQuick, Amanda.
245 1 4 _aThe river knows /
_cAmanda Quick.
260 _aNew York :
_bG.P. Putnam's Sons,
_c2007.
300 _a355 p. ;
_c24 cm.
650 0 _aWomen booksellers
_vFiction.
650 0 _aAntiquarian booksellers
_zEngland
_zLondon
_vFiction.
650 0 _aSuicide
_vFiction.
651 0 _aLondon (England)
_vFiction.
655 7 _aHistorical fiction.
_2gsafd
655 7 _aRomantic suspense fiction.
_2gsafd
856 4 2 _3Contributor biographical information
_uhttp://www.loc.gov/catdir/enhancements/fy0733/2006037333-b.html
856 4 2 _3Publisher description
_uhttp://www.loc.gov/catdir/enhancements/fy0733/2006037333-d.html
906 _a7
_bcbc
_corignew
_d1
_eecip
_f20
_gy-gencatlg
942 _2ddc
_cBK